[Event "DVM U16 2018"]
[Site "Aurich GER"]
[Date "2018.12.29"]
[Round "5"]
[White "Meyling, Lennart"]
[Black "Naumenko, Valerija"]
[Result "1-0"]
[Termination "normal"]
[Board "3.4"]
[WhiteElo "1992"]
[BlackElo "1619"]
[WhiteClock "00:37:34"]
[BlackClock "00:12:30"]
[WhiteTeam "Hamburger SK"]
[BlackTeam "SV Hemer"]
[PlyCount "61"]
[WhiteFideId "12947130"]
[BlackFideId "16222890"]
[EventCountry "GER"]
[EventRounds "7"]
[EventType "team-swiss"]
[EventDate "2018.12.26"]

1. d4 {[%clk 01:30:58]} {[%emt 00:00:02]} d5 {[%clk 01:30:55]} {[%emt
00:00:05]} 2. c4 {[%clk 01:31:21]} {[%emt 00:00:07]} e6 {[%clk 01:31:20]}
{[%emt 00:00:05]} 3. Nc3 {[%clk 01:31:43]} {[%emt 00:00:07]} Nf6 {[%clk
01:31:44]} {[%emt 00:00:06]} 4. cxd5 {[%clk 01:32:04]} {[%emt 00:00:10]} exd5
{[%clk 01:32:09]} {[%emt 00:00:05]} 5. Bg5 {[%clk 01:32:18]} {[%emt 00:00:16]}
c6 {[%clk 01:32:24]} {[%emt 00:00:15]} 6. e3 {[%clk 01:32:37]} {[%emt
00:00:10]} Be7 {[%clk 01:32:49]} {[%emt 00:00:06]} 7. Bd3 {[%clk 01:32:32]}
{[%emt 00:00:35]} Nbd7 {[%clk 01:33:10]} {[%emt 00:00:09]} 8. Qc2 {[%clk
01:30:46]} {[%emt 00:02:15]} h6 {[%clk 01:33:30]} {[%emt 00:00:11]} 9. Bh4
{[%clk 01:30:34]} {[%emt 00:00:41]} Nh5 {[%clk 01:33:27]} {[%emt 00:00:34]} 10.
Bxe7 {[%clk 01:30:54]} {[%emt 00:00:10]} Qxe7 {[%clk 01:33:49]} {[%emt
00:00:08]} 11. Nf3 {[%clk 01:30:47]} {[%emt 00:00:36]} Nf4 {[%clk 01:33:49]}
{[%emt 00:00:31]} 12. Bf1 {[%clk 01:26:37]} {[%emt 00:04:40]} Nh5 {[%clk
01:22:05]} {[%emt 00:12:14]} 13. O-O-O {[%clk 01:21:07]} {[%emt 00:06:00]} Nb6
{[%clk 01:21:11]} {[%emt 00:01:23]} 14. h3 {[%clk 01:20:37]} {[%emt 00:01:01]}
Nf6 {[%clk 01:15:42]} {[%emt 00:05:59]} 15. g4 {[%clk 01:18:47]} {[%emt
00:02:20]} Be6 {[%clk 01:12:03]} {[%emt 00:04:09]} 16. Ne5 {[%clk 01:16:18]}
{[%emt 00:02:59]} O-O-O {[%clk 00:50:41]} {[%emt 00:21:52]} 17. f4 {[%clk
01:08:06]} {[%emt 00:08:43]} Kb8 {[%clk 00:48:53]} {[%emt 00:02:18]} 18. Bg2
{[%clk 00:57:28]} {[%emt 00:11:07]} Ne8 {[%clk 00:34:17]} {[%emt 00:15:06]} 19.
Rhe1 {[%clk 00:55:37]} {[%emt 00:02:21]} Nd6 {[%clk 00:28:24]} {[%emt
00:06:24]} 20. f5 {[%clk 00:53:30]} {[%emt 00:02:35]} Bc8 {[%clk 00:28:46]}
{[%emt 00:00:09]} 21. e4 {[%clk 00:53:31]} {[%emt 00:00:29]} Qg5+ {[%clk
00:27:10]} {[%emt 00:02:06]} 22. Kb1 {[%clk 00:53:30]} {[%emt 00:00:32]} dxe4
{[%clk 00:27:21]} {[%emt 00:00:19]} 23. Nxe4 {[%clk 00:53:37]} {[%emt
00:00:23]} Nxe4 {[%clk 00:27:44]} {[%emt 00:00:07]} 24. Nxf7 {[%clk 00:53:01]}
{[%emt 00:01:05]} Qh4 {[%clk 00:24:10]} {[%emt 00:04:04]} 25. Qxe4 {[%clk
00:51:49]} {[%emt 00:01:42]} Rhe8 {[%clk 00:23:51]} {[%emt 00:00:49]} 26. Qf4+
{[%clk 00:52:10]} {[%emt 00:00:10]} Ka8 {[%clk 00:23:47]} {[%emt 00:00:33]} 27.
Re5 {[%clk 00:48:08]} {[%emt 00:04:31]} Rxe5 {[%clk 00:23:30]} {[%emt
00:00:48]} 28. Qxe5 {[%clk 00:48:32]} {[%emt 00:00:07]} Qf2 {[%clk 00:17:12]}
{[%emt 00:06:47]} 29. Qe1 {[%clk 00:38:31]} {[%emt 00:10:31]} Bxf5+ {[%clk
00:12:58]} {[%emt 00:04:44]} 30. Ka1 {[%clk 00:37:42]} {[%emt 00:01:20]} Rxd4
{[%clk 00:12:30]} {[%emt 00:00:57]} 31. gxf5 {[%clk 00:37:34]} {[%emt
00:00:38]} 1-0

[Event "DVM U16 2018"]
[Site "Aurich GER"]
[Date "2018.12.29"]
[Round "5"]
[White "Köllner, Ruben Gideon"]
[Black "Krastev, Alexander"]
[Result "0-1"]
[Termination "normal"]
[Board "4.1"]
[WhiteElo "2242"]
[BlackElo "2323"]
[WhiteTeam "SG Bochum"]
[BlackTeam "Biebertaler SF"]
[PlyCount "76"]
[WhiteFideId "12993093"]
[BlackFideId "12989983"]
[EventCountry "GER"]
[EventRounds "7"]
[EventType "team-swiss"]
[EventDate "2018.12.26"]

1. d4 e6 2. Nf3 Nf6 3. Nbd2 c5 4. e3 b6 5. c3 Be7 6. Bd3 Ba6 7. Bxa6 Nxa6 8.
O-O O-O 9. Qe2 Nb8 10. e4 cxd4 11. cxd4 d5 12. e5 Nfd7 13. Rd1 Nc6 14. Nf1 a6
15. Bf4 b5 16. g3 Qb6 17. Ne3 a5 18. h4 Rfc8 19. Kg2 a4 20. Ng5 Nxd4 21. Qh5
Bxg5 22. hxg5 Nf8 23. Rd2 a3 24. b4 Ra4 25. Ng4 Nf5 26. Nf6 gxf6 27. gxf6 Rxb4
28. Rh1 Rxf4 29. gxf4 Qa5 30. Rd3 Qa4 31. Rg3 Nxg3 32. Qg5 Ng6 33. Qh6 Nh5 34.
Rxh5 Qe4 35. f3 Rc2 36. Kg3 Qe1 37. Kh3 Qh1 38. Kg3 Rg2 0-1

[Event "DVM U16 2018"]
[Site "Aurich GER"]
[Date "2018.12.29"]
[Round "5"]
[White "Pralle, Finnegan"]
[Black "Biermann, Lenhard"]
[Result "1/2-1/2"]
[Termination "normal"]
[Board "4.2"]
[WhiteElo "1864"]
[BlackElo "2108"]
[WhiteTeam "Biebertaler SF"]
[BlackTeam "SG Bochum"]
[PlyCount "105"]
[WhiteFideId "12986615"]
[BlackFideId "12970077"]
[EventCountry "GER"]
[EventRounds "7"]
[EventType "team-swiss"]
[EventDate "2018.12.26"]

1. e4 e6 2. Nc3 d5 3. Nf3 Nf6 4. e5 Nfd7 5. d4 c5 6. dxc5 Bxc5 7. Bd3 Nc6 8.
Bf4 Be7 9. O-O a6 10. Ne2 g5 11. Bg3 h5 12. h3 Qb6 13. c4 g4 14. cxd5 exd5 15.
e6 fxe6 16. Nf4 Nf8 17. Ng6 gxf3 18. Nxh8 h4 19. Bf4 Qxb2 20. Ng6 Qg7 21. Qxf3
Nxg6 22. Qh5 Kf7 23. Bh6 Qf6 24. Be3 Bf8 25. Bg5 Qg7 26. Rac1 Bd7 27. Rfe1 Rc8
28. Re3 Nd4 29. Rce1 Be8 30. Bxh4 Qh6 31. Qg4 Nxh4 32. Qxd4 Bc5 33. Qb2 Bxe3
34. Qxb7+ Kf8 35. fxe3 Qg7 36. Qb4+ Kg8 37. Qxh4 Bb5 38. Bxb5 axb5 39. Rf1 Rc2
40. Rf2 Rxf2 41. Kxf2 Qb2+ 42. Kf3 Qxa2 43. Qd8+ Kf7 44. Qd7+ Kf6 45. Qxb5 Qc2
46. Qb4 Qd1+ 47. Kg3 e5 48. Qf8+ Ke6 49. Qf3 Qe1+ 50. Kg4 Qb4+ 51. Kh5 d4 52.
g4 Qc3 53. Qf5+ 1/2-1/2

[Event "DVM U16 2018"]
[Site "Aurich GER"]
[Date "2018.12.29"]
[Round "5"]
[White "Biermann, Florian"]
[Black "Engländer, Leon Arne"]
[Result "1/2-1/2"]
[Termination "normal"]
[Board "4.3"]
[WhiteElo "2054"]
[BlackElo "1729"]
[WhiteTeam "SG Bochum"]
[BlackTeam "Biebertaler SF"]
[PlyCount "146"]
[WhiteFideId "12970069"]
[BlackFideId "12997226"]
[EventCountry "GER"]
[EventRounds "7"]
[EventType "team-swiss"]
[EventDate "2018.12.26"]

1. c4 e5 2. g3 Nc6 3. Bg2 d6 4. Nc3 g6 5. d3 Bg7 6. e4 Be6 7. Nge2 Qd7 8. Nd5
Nd8 9. h3 c6 10. Ndc3 Ne7 11. Be3 f5 12. Qd2 Nf7 13. Rc1 O-O 14. b3 b6 15. d4
exd4 16. Nxd4 Rad8 17. O-O fxe4 18. Nxe6 Qxe6 19. Nxe4 h6 20. Rfe1 Qd7 21. Bd4
Bxd4 22. Qxd4 Nf5 23. Nf6 Kh8 24. Nxd7 Nxd4 25. Nxf8 Rxf8 26. Rcd1 c5 27. Re7
a6 28. Bd5 Ne5 29. f4 Nef3 30. Kg2 Nf5 31. Re4 N3d4 32. g4 Ng7 33. Kg3 Ne8 34.
Bf7 Nf6 35. Rexd4 cxd4 36. Bxg6 Kg7 37. f5 Ne4 38. Kg2 Kf6 39. Rxd4 Ke5 40. Rd1
Nc5 41. Rd5 Kf4 42. Rxd6 Ne4 43. Rd1 Nc3 44. Rd2 Ke3 45. Rd6 Ne4 46. Re6 Rd8
47. h4 Rd2 48. Kh3 Kf3 49. Rxe4 Kxe4 50. f6 Kf4 51. f7 Rd8 52. Bh7 Rf8 53. Bg8
Rd8 54. g5 hxg5 55. hxg5 Kxg5 56. Kg3 Rd3 57. Kf2 Rd8 58. Ke3 Kf5 59. a3 a5 60.
b4 axb4 61. axb4 Ke5 62. Bh7 Kf6 63. Bg8 Ke5 64. b5 Kf5 65. Kf3 Rd3 66. Kf2 Rd8
67. Kf3 Rd3 68. Ke2 Rd8 69. Kf2 Kg5 70. Ke3 Kf5 71. c5 bxc5 72. b6 c4 73. f8Q
Rxf8 1/2-1/2

[Event "DVM U16 2018"]
[Site "Aurich GER"]
[Date "2018.12.29"]
[Round "5"]
[White "Grunwald, Jonathan"]
[Black "Prieb, Robert"]
[Result "1/2-1/2"]
[Termination "normal"]
[Board "4.4"]
[BlackTitle "CM"]
[WhiteElo "1716"]
[BlackElo "1802"]
[WhiteTeam "Biebertaler SF"]
[BlackTeam "SG Bochum"]
[PlyCount "86"]
[WhiteFideId "12955744"]
[BlackFideId "16212002"]
[EventCountry "GER"]
[EventRounds "7"]
[EventType "team-swiss"]
[EventDate "2018.12.26"]

1. e4 c5 2. Nc3 a6 3. f4 e6 4. g3 d5 5. d3 Nc6 6. Bg2 d4 7. Nce2 Nf6 8. h3 Be7
9. Nf3 O-O 10. O-O b5 11. g4 Bb7 12. a3 Qb6 13. g5 Nd7 14. Qe1 g6 15. Ng3 c4
16. f5 Nde5 17. Nxe5 Nxe5 18. Bf4 Bd6 19. Bxe5 Bxe5 20. f6 Qc7 21. Ne2 cxd3 22.
cxd3 Qc2 23. Nf4 Bxf4 24. Rxf4 Qxd3 25. Qh4 h5 26. gxh6X Kh7 27. Qe1 Qe3 28.
Qxe3 dxe3 29. Re1 Rfd8 30. Rxe3 Rac8 31. Re2 g5 32. R4f2 Rc1 33. Kh2 Kxh6 34.
Kg3 Kg6 35. h4 Rg1 36. Kh2 Rc1 37. e5 Bxg2 38. Rxg2 Rc4 39. Rxg5 Kh6 40. Rg7
Rd7 41. Kg3 Rd3 42. Kg2 Rd7 43. Kh3 Rd3 1/2-1/2

[Event "DVM U16 2018"]
[Site "Aurich GER"]
[Date "2018.12.29"]
[Round "5"]
[White "Garbuz, Vitaliy"]
[Black "Stelmaszyk, Nico"]
[Result "0-1"]
[Termination "normal"]
[Board "5.1"]
[WhiteElo "2119"]
[BlackElo "1902"]
[WhiteTeam "SF Brackel"]
[BlackTeam "SK Lehrte"]
[PlyCount "56"]
[WhiteFideId "12990710"]
[BlackFideId "16200462"]
[EventCountry "GER"]
[EventRounds "7"]
[EventType "team-swiss"]
[EventDate "2018.12.26"]

1. e4 e5 2. Nf3 Nc6 3. Bc4 Nf6 4. d3 Bc5 5. c3 d5 6. exd5 Nxd5 7. h3 O-O 8. b4
Be7 9. O-O Bf6 10. a3 Be6 11. Qe2 Re8 12. Qa2 a6 13. Nfd2 b5 14. Bxd5 Bxd5 15.
Qc2 a5 16. Bb2 axb4 17. axb4 Rxa1 18. Bxa1 Qa8 19. Qb2 Bxg2 20. Kxg2 Nxb4+ 21.
Kh2 Nxd3 22. Qa3 Qc6 23. Qb3 e4 24. Qd1 Be5+ 25. Kg1 Re6 26. Qe2 Rg6+ 27. Kh1
Qe6 28. f4 Bxf4 0-1

[Event "DVM U16 2018"]
[Site "Aurich GER"]
[Date "2018.12.29"]
[Round "5"]
[White "Meiwes, Thore"]
[Black "Kartsev, Nikolay"]
[Result "1-0"]
[Termination "normal"]
[Board "5.2"]
[WhiteElo "1959"]
[BlackElo "2055"]
[WhiteTeam "SK Lehrte"]
[BlackTeam "SF Brackel"]
[PlyCount "44"]
[WhiteFideId "16201256"]
[BlackFideId "12939536"]
[EventCountry "GER"]
[EventRounds "7"]
[EventType "team-swiss"]
[EventDate "2018.12.26"]

1. d4 Nf6 2. Bf4 e6 3. e3 d5 4. Nd2 Bd6 5. Ngf3 O-O 6. Bd3 Nbd7 7. c3 Qe7 8.
Ne5 c5 9. Qf3 cxd4 10. exd4 Rd8 11. h4 Ne8 12. Rh3 f6 13. Bxh7 Kxh7 14. Qh5 Kg8
15. Ng6 Kf7 16. Nxe7 Kxe7 17. Bxd6 Nxd6 18. O-O-O b6 19. Re1 Bb7 20. Qg4 f5 21.
Qxg7 Nf7 22. Rhe3 e5 1-0

[Event "DVM U16 2018"]
[Site "Aurich GER"]
[Date "2018.12.29"]
[Round "5"]
[White "Dornieden, Jonas"]
[Black "Seref, Erdogan"]
[Result "0-1"]
[Termination "normal"]
[Board "5.4"]
[WhiteElo "1729"]
[BlackElo "2015"]
[WhiteTeam "SK Lehrte"]
[BlackTeam "SF Brackel"]
[PlyCount "78"]
[WhiteFideId "1336460"]
[BlackFideId "16206827"]
[EventCountry "GER"]
[EventRounds "7"]
[EventType "team-swiss"]
[EventDate "2018.12.26"]

1. d4 Nf6 2. c4 e6 3. Nf3 d5 4. Nc3 Bb4 5. Bg5 h6 6. Bh4 g5 7. Bg3 dxc4 8. e3
b5 9. a4 c6 10. axb5 cxb5 11. Bxb8 Rxb8 12. Rxa7 Qb6 13. Ra1 Ne4 14. Qc2 Bb7
15. Be2 f6 16. O-O Bxc3 17. bxc3 Rg8 18. Rfb1 Qc6 19. Ne1 g4 20. Rb4 Rg5 21.
Ra5 Kf8 22. Qb2 Nd6 23. f3 h5 24. Kf1 Qc7 25. Ra1 Nf5 26. Rxb5 Qxh2 27. Qb4+
Kg8 28. Bxc4 Ng3+ 29. Kf2 Nh1+ 30. Kf1 gxf3 31. Rxg5+ fxg5 32. Bxe6+ Kh8 33.
Qe7 fxg2+ 34. Nxg2 Qxg2+ 35. Ke1 Qf2+ 36. Kd1 Bf3+ 37. Kc1 Qe1+ 38. Kc2 Qe2+
39. Kc1 Qd1# 0-1

[Event "DVM U16 2018"]
[Site "Aurich GER"]
[Date "2018.12.29"]
[Round "5"]
[White "Knüdel, Torben"]
[Black "Hurm, Moritz"]
[Result "1-0"]
[Termination "normal"]
[Board "6.1"]
[WhiteElo "2204"]
[BlackElo "1789"]
[WhiteTeam "Post SV Uelzen"]
[BlackTeam "SG Königskinder Hohentübingen"]
[PlyCount "46"]
[WhiteFideId "16208820"]
[BlackFideId "16235150"]
[EventCountry "GER"]
[EventRounds "7"]
[EventType "team-swiss"]
[EventDate "2018.12.26"]

1. e4 c5 2. Nf3 e6 3. d4 cxd4 4. Nxd4 a6 5. Bd3 Bc5 6. Nb3 Ba7 7. Qe2 Nc6 8.
Be3 Bxe3 9. Qxe3 d6 10. Nc3 Nf6 11. O-O-O b5 12. f4 Bb7 13. Rhf1 Qc7 14. Kb1
Rc8 15. Bxb5 O-O 16. Be2 Rfd8 17. g4 Na5 18. g5 Nxb3 19. gxf6 Nc5 20. Qg3 g6
21. Qg5 Kh8 22. Qh6 Rg8 23. Rf3 Nxe4 1-0

[Event "DVM U16 2018"]
[Site "Aurich GER"]
[Date "2018.12.29"]
[Round "5"]
[White "Askerov, Imamali"]
[Black "Hurm, Yannik"]
[Result "0-1"]
[Termination "normal"]
[Board "6.3"]
[WhiteElo "1964"]
[BlackElo "1704"]
[WhiteTeam "Post SV Uelzen"]
[BlackTeam "SG Königskinder Hohentübingen"]
[PlyCount "106"]
[WhiteFideId "12974498"]
[BlackFideId "16235169"]
[EventCountry "GER"]
[EventRounds "7"]
[EventType "team-swiss"]
[EventDate "2018.12.26"]

1. e4 c5 2. Nf3 a6 3. c3 e6 4. d4 d5 5. exd5 exd5 6. Be3 c4 7. Be2 Nf6 8. Nbd2
Bd6 9. a4 Nc6 10. b3 cxb3 11. Qxb3 h6 12. h3 Qc7 13. Bd3 Bd7 14. Rc1 O-O 15.
O-O Rac8 16. Rfe1 Na5 17. Qc2 Ba3 18. Ra1 Qxc3 19. Qb1 Bd6 20. Ne5 Qc7 21. Ndf3
Be6 22. Bf4 Nh5 23. Bh2 Rfe8 24. Qd1 Nf6 25. Nh4 Nc6 26. Rc1 Qb8 27. Bb1 Nd7
28. Nhf3 Ncxe5 29. dxe5 Bc5 30. Qd3 Nf8 31. Bf4 Qa7 32. Bg3 Rc6 33. Rcd1 Rec8
34. Nh4 Bb4 35. Re3 Rc3 36. Qe2 Rxe3 37. fxe3 Rc3 38. Bf2 Bc5 39. Re1 Nd7 40.
Nf3 Nb6 41. Qd2 Ra3 42. Qc2 Nc4 43. Qh7 Kf8 44. Qh8 Ke7 45. Qxg7 Nxe3 46. Bh4
Kd7 47. Rxe3 Bxe3 48. Kh1 Ra1 49. Qf8 Rxb1 50. Ne1 Qc5 51. Qd8 Kc6 52. Kh2 Bf4
53. g3 Rxe1 0-1

[Event "DVM U16 2018"]
[Site "Aurich GER"]
[Date "2018.12.29"]
[Round "5"]
[White "Aptyka, Tim"]
[Black "Rothenberg, Nina"]
[Result "0-1"]
[Termination "normal"]
[Board "6.4"]
[WhiteElo "1534"]
[BlackElo "1696"]
[WhiteTeam "SG Königskinder Hohentübingen"]
[BlackTeam "Post SV Uelzen"]
[PlyCount "118"]
[WhiteFideId "16255860"]
[BlackFideId "16208943"]
[EventCountry "GER"]
[EventRounds "7"]
[EventType "team-swiss"]
[EventDate "2018.12.26"]

1. e4 e6 2. d4 d5 3. exd5 exd5 4. c4 c6 5. Nc3 Nf6 6. Nf3 Be7 7. Bd3 dxc4 8.
Bxc4 O-O 9. O-O Nbd7 10. Re1 Nb6 11. Bd3 Bg4 12. h3 Bh5 13. Bc2 Re8 14. Qd3 Bg6
15. Qd1 Nfd5 16. Bb3 Rc8 17. Ne5 Bf6 18. Nxg6 hxg6 19. Rxe8 Qxe8 20. Ne2 Qe7
21. Bf4 Re8 22. Be5 Bxe5 23. dxe5 Qxe5 24. Nc3 Nxc3 25. bxc3 Qxc3 26. Rc1 Qf6
27. Rc2 Rd8 28. Qe1 Qd4 29. Re2 Nd5 30. Re8 Rxe8 31. Qxe8 Kh7 32. Qxf7 Qa1 33.
Kh2 Qe5 34. g3 Qf5 35. Qxb7 Qxf2 36. Kh1 Qf3 37. Kg1 Ne3 38. Bg8 Kxg8 39. Qb2
Qxg3 40. Kh1 Qxh3 41. Kg1 Qg2 42. Qxg2 Nxg2 43. Kxg2 Kf7 44. Kf3 Ke6 45. Ke4 c5
46. a3 g5 47. a4 g4 48. a5 g3 49. Kf3 c4 50. Kxg3 c3 51. Kf4 c2 52. Ke4 c1Q 53.
Kd4 Qc6 54. a6 Qd5 55. Kc3 Qe4 56. Kb3 Kd5 57. Ka3 Qb1 58. Ka4 Kc4 59. Ka5 Qb5
0-1

[Event "DVM U16 2018"]
[Site "Aurich GER"]
[Date "2018.12.29"]
[Round "5"]
[White "Schneider, Jana"]
[Black "Kopylov, Daniel"]
[Result "0-1"]
[Termination "normal"]
[Board "7.1"]
[WhiteTitle "FM"]
[WhiteElo "2213"]
[BlackElo "2239"]
[WhiteTeam "Spvgg 1946 Stetten"]
[BlackTeam "TuRa Harksheide Norderstedt"]
[PlyCount "54"]
[WhiteFideId "12924997"]
[BlackFideId "12921971"]
[EventCountry "GER"]
[EventRounds "7"]
[EventType "team-swiss"]
[EventDate "2018.12.26"]

1. e4 c5 2. Nf3 d6 3. d4 cxd4 4. Nxd4 Nf6 5. Nc3 Nc6 6. Bg5 e6 7. Qd2 Be7 8.
O-O-O Nxd4 9. Qxd4 O-O 10. f4 Qa5 11. h4 h6 12. Bd3 e5 13. Qe3 exf4 14. Bxf4
Be6 15. Rhf1 Rac8 16. e5 dxe5 17. Bxe5 Ng4 18. Qe4 f5 19. Qxb7 Rf7 20. Bf4 Rxc3
21. Rfe1 Bxh4 22. Qb8 Rc8 23. Qd6 Bxa2 24. g3 Bf6 25. Ba6 Rd8 26. Qc6 Bd5 27.
Re8 Kh7 0-1

[Event "DVM U16 2018"]
[Site "Aurich GER"]
[Date "2018.12.29"]
[Round "5"]
[White "Hovhannisyan, Artur"]
[Black "Roth, Jakob"]
[Result "0-1"]
[Termination "normal"]
[Board "7.2"]
[WhiteElo "2104"]
[BlackElo "1883"]
[WhiteTeam "TuRa Harksheide Norderstedt"]
[BlackTeam "Spvgg 1946 Stetten"]
[PlyCount "108"]
[WhiteFideId "12986062"]
[BlackFideId "12952605"]
[EventCountry "GER"]
[EventRounds "7"]
[EventType "team-swiss"]
[EventDate "2018.12.26"]

1. Nf3 Nf6 2. d4 d5 3. c4 c6 4. Nbd2 e6 5. g3 Nbd7 6. Bg2 Bd6 7. O-O O-O 8. Qc2
Re8 9. Rd1 Qe7 10. e4 Nxe4 11. Nxe4 dxe4 12. Qxe4 e5 13. Bg5 f6 14. Be3 exd4
15. Qxe7 Bxe7 16. Nxd4 Ne5 17. Rac1 Bg4 18. f3 Bd7 19. Bf2 Rad8 20. c5 f5 21.
h3 f4 22. gxf4 Ng6 23. f5 Nf4 24. Bf1 Bf6 25. b4 Kf8 26. a3 Bc8 27. Rc2 Bxf5
28. Rcd2 Nxh3+ 29. Bxh3 Bxh3 30. Bg3 Rd5 31. Bd6+ Kf7 32. Kf2 Bd7 33. Ne2 Bh4+
34. Ng3 Rxd2+ 35. Rxd2 Be6 36. Rd4 Bf6 37. Rf4 g5 38. Re4 Bb3 39. Rxe8 Kxe8 40.
Ne4 Bb2 41. Bb8 b5 42. cxb6 axb6 43. Nd2 Bd5 44. Bc7 Bxa3 45. Bxb6 Bxb4 46. Nf1
c5 47. Ne3 Bb3 48. Ke2 Kd7 49. Kd3 h5 50. Ba7 Kc7 51. Nc4 Bxc4+ 52. Kxc4 Kb7
53. f4 gxf4 54. Bxc5 Bxc5 0-1

[Event "DVM U16 2018"]
[Site "Aurich GER"]
[Date "2018.12.29"]
[Round "5"]
[White "Roth, Ludwig"]
[Black "Striebeck, Enno"]
[Result "0-1"]
[Termination "normal"]
[Board "7.3"]
[WhiteElo "1615"]
[BlackElo "1681"]
[WhiteTeam "Spvgg 1946 Stetten"]
[BlackTeam "TuRa Harksheide Norderstedt"]
[PlyCount "50"]
[WhiteFideId "12952621"]
[BlackFideId "16254988"]
[EventCountry "GER"]
[EventRounds "7"]
[EventType "team-swiss"]
[EventDate "2018.12.26"]

1. e4 c5 2. Nf3 d6 3. d4 cxd4 4. Nxd4 Nf6 5. Nc3 g6 6. f3 Bg7 7. Be3 O-O 8. Qd2
Nc6 9. O-O-O d5 10. Nxc6 bxc6 11. exd5 cxd5 12. Nxd5 Nxd5 13. Qxd5 Qxd5 14.
Rxd5 a5 15. Kb1 Be6 16. Rd2 Rab8 17. b3 a4 18. g4 axb3 19. cxb3 Bxb3 20. axb3
Rxb3 21. Kc2 Rxe3 22. Be2 Rc8 23. Kd1 Ra3 24. Ke1 Bc3 25. Bd1 Rd8 0-1

[Event "DVM U16 2018"]
[Site "Aurich GER"]
[Date "2018.12.29"]
[Round "5"]
[White "Guo, Philipp Ziming"]
[Black "Steiner, Noah"]
[Result "1-0"]
[Termination "normal"]
[Board "7.4"]
[WhiteElo "1501"]
[BlackElo "1407"]
[WhiteTeam "TuRa Harksheide Norderstedt"]
[BlackTeam "Spvgg 1946 Stetten"]
[PlyCount "54"]
[WhiteFideId "16245199"]
[BlackFideId "16260830"]
[EventCountry "GER"]
[EventRounds "7"]
[EventType "team-swiss"]
[EventDate "2018.12.26"]

1. e4 c5 2. c3 d6 3. d4 cxd4 4. cxd4 g6 5. Nc3 Bg7 6. Nf3 Nf6 7. Be2 O-O 8. h3
e5 9. dxe5 dxe5 10. Qxd8 Rxd8 11. O-O Nc6 12. Be3 Nd4 13. Nxd4 exd4 14. Rfd1
Ne8 15. Nb5 Be6 16. Bxd4 Bxd4 17. Nxd4 Ng7 18. Nxe6 Nxe6 19. Bc4 Nc5 20. f3
Rac8 21. Rxd8 Rxd8 22. Bd5 b6 23. Kf2 Nd3 24. Ke3 Nxb2 25. Rc1 Rd7 26. Rc2 Na4
27. Bc6 Rd6 1-0

[Event "DVM U16 2018"]
[Site "Aurich GER"]
[Date "2018.12.29"]
[Round "5"]
[White "Lieberwirth, Kasimir"]
[Black "Kuznecovs, Nikita"]
[Result "0-1"]
[Termination "normal"]
[Board "8.1"]
[WhiteElo "2104"]
[BlackElo "2256"]
[WhiteTeam "SG Turm Leipzig"]
[BlackTeam "SG Blau-Weiß Stadtilm"]
[PlyCount "56"]
[WhiteFideId "12988146"]
[BlackFideId "11604557"]
[EventCountry "GER"]
[EventRounds "7"]
[EventType "team-swiss"]
[EventDate "2018.12.26"]

1. e4 g6 2. d4 Bg7 3. Nc3 d6 4. Be3 a6 5. Qd2 b5 6. a3 Bb7 7. h4 Nf6 8. f3 h6
9. O-O-O Nbd7 10. Nge2 c5 11. h5 Nxh5 12. g4 cxd4 13. Nxd4 Ng3 14. Rh3 Nxf1 15.
Rxf1 Ne5 16. Bxh6 Nc4 17. Bxg7 Rxh3 18. Qg2 Rh7 19. Rh1 Rxh1 20. Qxh1 e5 21.
Nde2 Qg5 22. f4 exf4 23. Bh6 Qxg4 24. Bxf4 O-O-O 25. Qh7 g5 26. Qg7 f6 27. Bh2
Qg2 28. b3 Qf1 0-1

[Event "DVM U16 2018"]
[Site "Aurich GER"]
[Date "2018.12.29"]
[Round "5"]
[White "Wolf, Philipp"]
[Black "Weimert, Miriam"]
[Result "0-1"]
[Termination "normal"]
[Board "8.2"]
[WhiteElo "1913"]
[BlackElo "1792"]
[WhiteTeam "SG Blau-Weiß Stadtilm"]
[BlackTeam "SG Turm Leipzig"]
[PlyCount "94"]
[WhiteFideId "12958948"]
[BlackFideId "12966703"]
[EventCountry "GER"]
[EventRounds "7"]
[EventType "team-swiss"]
[EventDate "2018.12.26"]

1. e4 c5 2. Nf3 d6 3. d4 cxd4 4. Nxd4 Nf6 5. Nc3 a6 6. Be2 b5 7. Bf3 e5 8. Nb3
Be6 9. O-O Be7 10. Bg5 Nbd7 11. Nd5 Nxd5 12. exd5 Bf5 13. Bxe7 Qxe7 14. Na5 O-O
15. Nc6 Qg5 16. Re1 Rae8 17. a4 bxa4 18. Rxa4 Nc5 19. Ra5 e4 20. Be2 Bh3 21.
Bf1 f5 22. b4 f4 23. Kh1 Bg4 24. Be2 Bxe2 25. Qxe2 f3 26. Qf1 Qxd5 27. bxc5
Qxc6 28. Qc4 Kh8 29. Rxa6 Qc8 30. g3 dxc5 31. Qf1 c4 32. Ra4 e3 33. Rxe3 Rxe3
34. fxe3 Qe6 35. Qf2 Qe4 36. Kg1 Rb8 37. Ra1 h6 38. Rf1 Rb2 39. Qxf3 Qxc2 40.
Qf8 Kh7 41. Rf2 Qxf2 42. Qxf2 Rxf2 43. Kxf2 Kg6 44. e4 Kf6 45. Ke3 Ke5 46. h3
c3 47. Kd3 c2 0-1

[Event "DVM U16 2018"]
[Site "Aurich GER"]
[Date "2018.12.29"]
[Round "5"]
[White "Ortlepp, Klaudia"]
[Black "Creß, Bastian"]
[Result "1-0"]
[Termination "normal"]
[Board "8.3"]
[WhiteElo "1520"]
[BlackElo "1705"]
[WhiteTeam "SG Turm Leipzig"]
[BlackTeam "SG Blau-Weiß Stadtilm"]
[PlyCount "64"]
[WhiteFideId "16206045"]
[BlackFideId "16208846"]
[EventCountry "GER"]
[EventRounds "7"]
[EventType "team-swiss"]
[EventDate "2018.12.26"]

1. e4 e5 2. Nf3 Nc6 3. d4 exd4 4. Bc4 Nf6 5. e5 d5 6. Bb5 Ne4 7. Nxd4 Bd7 8.
Bxc6 bxc6 9. O-O Bc5 10. Be3 Bb6 11. c3 O-O 12. Nd2 Nc5 13. b4 Ne6 14. N2b3 Re8
15. f4 Nf8 16. Qd2 Ng6 17. Nf3 Qe7 18. Nc5 Rad8 19. Bd4 Bf5 20. Rae1 a5 21. a3
Ra8 22. Kh1 Ra7 23. Na4 Bxd4 24. Nxd4 Bd7 25. Nc5 axb4 26. axb4 Rea8 27. f5 Ra2
28. Qe3 Nh4 29. Rf2 g6 30. f6 Qe8 31. Nxd7 Ra1 32. R2f1 Nxg2 1-0

[Event "DVM U16 2018"]
[Site "Aurich GER"]
[Date "2018.12.29"]
[Round "5"]
[White "Rapp, Lukas"]
[Black "Lieberwirth, Nele"]
[Result "1-0"]
[Termination "normal"]
[Board "8.4"]
[WhiteElo "1719"]
[BlackElo "1328"]
[WhiteTeam "SG Blau-Weiß Stadtilm"]
[BlackTeam "SG Turm Leipzig"]
[PlyCount "85"]
[WhiteFideId "12989320"]
[BlackFideId "16259483"]
[EventCountry "GER"]
[EventRounds "7"]
[EventType "team-swiss"]
[EventDate "2018.12.26"]

1. e4 e5 2. Nf3 Nc6 3. Bc4 Nf6 4. d3 Bc5 5. Be3 Bb6 6. Nc3 d6 7. Qd2 Be6 8. Bb3
Ba5 9. O-O-O d5 10. exd5 Bxd5 11. Qe1 O-O 12. Bd2 Re8 13. Nxd5 Bxd2+ 14. Rxd2
Nxd5 15. Qe4 Nf6 16. Qh4 Nd5 17. Qe4 Nf6 18. Qf5 Nd4 19. Nxd4 Qxd4 20. Re1 a5
21. c3 Qd6 22. Rde2 Nd7 23. Bxf7+ Kh8 24. Bxe8 Rxe8 25. Kc2 c5 26. f4 g6 27.
Qg5 Qe6 28. Rxe5 Nxe5 29. Rxe5 Qf7 30. Rxe8+ Qxe8 31. Qe5+ Qxe5 32. fxe5 Kg7
33. d4 cxd4 34. cxd4 Kf7 35. Kd3 Ke6 36. Ke4 h5 37. h4 b5 38. a3 a4 39. g3 Kd7
40. Kd5 Ke7 41. Kc5 Ke6 42. Kxb5 Kd5 43. Kxa4 1-0